| 000 | 00376nam a2200145Ia 4500 | ||
|---|---|---|---|
| 008 | 130318s9999 xx 000 0 und d | ||
| 020 | _a9788177225365 | ||
| 082 | _a658.4063 DEY/B | ||
| 100 | _aDey, B.R | ||
| 245 | _aBusiness process reengineering and change management | ||
| 260 |
_bBiztantra _aNew Delhi _c2005 |
||
| 300 | _a206 | ||
| 650 | _aBUSINESS | ||
| 650 | _aMANAGEMENT | ||
| 999 |
_c2142 _d2142 |
||